| 000 | 00347nam a22001457a 4500 | ||
|---|---|---|---|
| 999 |
_c7984 _d7984 |
||
| 003 | OSt | ||
| 005 | 20200615112924.0 | ||
| 008 | 200615b ||||| |||| 00| 0 eng d | ||
| 020 | _a9788193232965 | ||
| 082 |
_a720.92 _bABI |
||
| 100 | _d Abin Design Studio | ||
| 245 | _aHand and mind | ||
| 260 |
_aKolkata _b Abin Design Studio _c2018 |
||
| 942 | _2ddc | ||